| 000 -LEADER |
| fixed length control field |
00593nam a22001937a 4500 |
| 008 - FIXED-LENGTH DATA ELEMENTS--GENERAL INFORMATION |
| fixed length control field |
131007b xxu||||| |||| 00| 0 ger d |
| 020 ## - INTERNATIONAL STANDARD BOOK NUMBER |
| International Standard Book Number |
9783540540502 |
| 041 0# - LANGUAGE CODE |
| Language code of text/sound track or separate title |
ger |
| 080 ## - UNIVERSAL DECIMAL CLASSIFICATION NUMBER |
| Universal Decimal Classification number |
004.2 |
| 100 1# - Rafti |
| Rafti |
Muller-Schloer, Christian |
| 245 10 - TITLE STATEMENT |
| Title |
Risc-Workstation-Architekturen |
| Statement of responsibility, etc |
Muller-Schloer, Christian |
| 260 ## - |
| -- |
Berlin |
| -- |
New York |
| -- |
Springer Verlag |
| -- |
1991 |
| 300 ## - |
| -- |
556 f. |
| -- |
illustr. |
| -- |
24 cm |
| 500 ## - |
| -- |
Parathenie [VII]-VIII |
| 650 #0 - |
| -- |
Kompjutera - Programim - Softuer |
| 650 #0 - |
| -- |
Arkitektura |
| 700 1# - |
| -- |
Schmitter, Ernst |
| 942 ## - ADDED ENTRY ELEMENTS (KOHA) |
| Source of classification or shelving scheme |
|
| Item type |
Books |